| 000 | 00928nam a22002897a 4500 | ||
|---|---|---|---|
| 001 | BR8903464 | ||
| 003 | BR-BrBNA | ||
| 005 | 20230928093250.0 | ||
| 007 | ta | ||
| 008 | 230509b bl.||||| |||| 00| 0 por d | ||
| 040 |
_aBR-BrBNA _bpor _cBiblioteca Nacional de Agricultura |
||
| 041 | _a(Por) | ||
| 072 |
_aP34; P35; F61 _b1030 _b3830 |
||
| 090 | _ 1030 BR8903464 | ||
| 100 | 1 | _aCamargo, I.P. de | |
| 110 | 1 |
_aEscola Superior de Agricultura de Lavras, MG (Brasil) _0Tese (Mestrado) |
|
| 245 | 1 | _aEfeitos de doses, fontes de fosforos e de fungos micorrizicos sobre o limoeiro "cravo" ate a repicagem | |
| 260 | 3 |
_aLavras, MG (Brasil): _c1989. |
|
| 300 | _a104 p. | ||
| 500 | _aSummaries (Eng, Por); Bibliography p. 81-96 (109 ref.); 10 illus.; 18 tables | ||
| 650 | _aLIMAO CRAVO | ||
| 650 | _aFOSFORO | ||
| 650 | _aMICORRIZA | ||
| 650 | _aNUTRICAO VEGETAL | ||
| 909 |
_a202309 _bLucia _c55 _dLucia Elande |
||
| 942 | _cBK | ||
| 999 |
_c43968 _d43968 |
||